| 000 | 01075cam a2200277Mi 4500 | ||
|---|---|---|---|
| 005 | 20161102112151.0 | ||
| 008 | 161102s1991 xxua fr 001 0 eng d | ||
| 020 | _a0133727491 | ||
| 020 | _a9780133727494 | ||
| 035 | _a(OCoLC)263161686 | ||
| 040 |
_aCO-BoUCM _bspa _cSandra Palacio _dSandra Palacio |
||
| 041 | 0 | _aeng | |
| 100 | 1 |
_aRobertson, Thomas S. _981531 |
|
| 245 | 0 | 0 |
_aHandbook of consumer behavior _cThomas S. Robertson, Harold H. Kassarjian |
| 260 |
_aEnglewood Cliffs (Nueva Jersey, Estados Unidos) _bPrentice-Hall _c1991 |
||
| 300 |
_ax, 614 páginas _bilustraciones |
||
| 504 | _aIncluye referencias bibliográficas e índices | ||
| 650 | 1 | 7 |
_aComportamiento del consumidor _911290 |
| 650 | 2 | 7 |
_aComportamiento del consumidor _911290 _xConceptos |
| 650 | 2 | 7 |
_aConsumidores _911728 _xToma de decisiones |
| 650 | 2 | 7 |
_aMedios de comunicación de masas _919235 |
| 690 |
_aAdministración de empresas _9435 |
||
| 700 | 1 |
_aKassarjian, Harold H. _981532 |
|
| 942 |
_2DEWEY _cLIBRORESER _a16 _e1 _h658.8342 _mR649he |
||
| 999 |
_c304655 _d304655 |
||